000 00656nam a2200145Ia 4500
008 100204s9999 xx 000 0 und d
082 _b14579
100 _aपरांजपे कल्पना
245 _aमराठी सामाजिक नाटक आणि स्त्री समस्या
260 _b"गंधर्व वेद, प्रकाशन"
_c1984
300 _a511
630 _aमराठी सामाजिक नाटक आणि स्त्री समस्या
730 _aमराठी सामाजिक नाटक आणि स्त्री समस्या
942 _cBOOK
999 _c459010
_d459007